书目信息 |
| 题名: |
道路建筑材料
|
|
| 作者: | 李立寒 , 张南鹭 编著 | |
| 分册: | ||
| 出版信息: | 北京 人民交通出版社 2004.03 |
|
| 页数: | 341页 | |
| 开本: | 16开 | |
| 丛书名: | ||
| 单 册: | ||
| 中图分类: | U414 | |
| 科图分类: | ||
| 主题词: | 道路工程 | |
| 电子资源: | ||
| ISBN: | 7-114-04874-2 | |
| 000 | 00611nam0 2200217 45 | |
| 001 | 1238182614 | |
| 005 | 20201021161025.42 | |
| 010 | @a7-114-04874-2@dCNY35.00 | |
| 100 | @a20000916d2004 km y0chiy0120 ea | |
| 101 | 0 | @achi |
| 102 | @aCN@b110000 | |
| 200 | 1 | @a道路建筑材料@ADao Lu Jian Zhu Cai Liao@f李立寒,张南鹭编著@FLi Li Han,Zhang Nan Lu Bian Zhu |
| 205 | @a4版 | |
| 210 | @a北京@c人民交通出版社@d2004.03 | |
| 215 | @a341页@d16开 | |
| 606 | 0 | @a道路工程 |
| 690 | @aU414@v3 | |
| 701 | 0 | @a李立寒@4编著 |
| 701 | 0 | @a张南鹭@4编著 |
| 801 | @aCN@bPftUser@c20000916 | |
| 905 | @b145666-670@dU414@eL297=4@f5 | |
| 道路建筑材料/李立寒,张南鹭编著.-4版.-北京:人民交通出版社,2004.03 |
| 341页;16开 |
| ISBN 7-114-04874-2:CNY35.00 |
| ● |
| 相关链接 |
|
|
|
正题名:道路建筑材料
索取号:U414/L297=4
 
预约/预借
| 序号 | 登录号 | 条形码 | 馆藏地/架位号 | 状态 | 备注 |
| 1 | 1349754 | 213497544 | 自科库501/501自科库 51排6列3层/ [索取号:U414/L297=4] | 在馆 | |
| 2 | 1349755 | 213497553 | 自科库501/501自科库 51排6列3层/ [索取号:U414/L297=4] | 在馆 | |
| 3 | 1349756 | 213497562 | 自科库501/501自科库 51排6列3层/ [索取号:U414/L297=4] | 在馆 | |
| 4 | 1349757 | 213497571 | 期刊室512/501自科库 51排6列3层/ [索取号:U414/L297=4] | 在馆 | |
| 5 | 1349758 | 213497580 | 期刊室512/501自科库 51排6列3层/ [索取号:U414/L297=4] | 在馆 | |
| 6 | 1349759 | 213497599 | 期刊室512/501自科库 51排6列3层/ [索取号:U414/L297=4] | 在馆 | |
| 7 | 1349760 | 213497606 | 期刊室512/501自科库 51排6列3层/ [索取号:U414/L297=4] | 在馆 | |
| 8 | 1349761 | 213497615 | 期刊室512/501自科库 51排6列3层/ [索取号:U414/L297=4] | 在馆 | |
| 9 | 1349762 | 213497624 | 期刊室512/501自科库 51排6列3层/ [索取号:U414/L297=4] | 在馆 | |
| 10 | 1349763 | 213497633 | 期刊室512/501自科库 51排6列3层/ [索取号:U414/L297=4] | 在馆 | |
| 11 | 1349764 | 213497642 | 期刊室512/501自科库 51排6列3层/ [索取号:U414/L297=4] | 在馆 | |
| 12 | 1349765 | 213497651 | 期刊室512/501自科库 51排6列3层/ [索取号:U414/L297=4] | 在馆 | |
| 13 | 1349766 | 213497660 | 期刊室512/501自科库 51排6列3层/ [索取号:U414/L297=4] | 在馆 | |
| 14 | 1349767 | 213497679 | 期刊室512/501自科库 51排6列3层/ [索取号:U414/L297=4] | 在馆 | |
| 15 | 1349768 | 213497688 | 期刊室512/501自科库 51排6列3层/ [索取号:U414/L297=4] | 在馆 | |
| 16 | 476697 | 204766976 | 期刊室512/501自科库 51排6列3层/ [索取号:U414/L297=4] | 在馆 | |
| 17 | 476698 | 204766985 | 期刊室512/501自科库 51排6列3层/ [索取号:U414/L297=4] | 在馆 | |
| 18 | 476699 | 204766994 | 期刊室512/501自科库 51排6列3层/ [索取号:U414/L297=4] | 在馆 | |
| 19 | 476700 | 204767001 | 土木与交通工程学院资料室/土木与交通学院资料室 1排1列1层/ [索取号:U414/L297=4] | 在馆 | |
| 20 | 476701 | 204767010 | 期刊室512/501自科库 51排6列3层/ [索取号:U414/L297=4] | 在馆 | |
| 21 | 476702 | 204767029 | 土木与交通工程学院资料室/土木与交通学院资料室 1排1列1层/ [索取号:U414/L297=4] | 在馆 | |
| 22 | 488078 | 204880780 | 自科二线504/504自科库 19排2列3层/ [索取号:U414/L297=4] | 在馆 | |
| 23 | 488191 | 204881912 | 自科二线504/504自科库 22排2列5层/ [索取号:U414/L297=4] | 在馆 | |
| 24 | 488454 | 204884544 | 自科二线504/504自科库 22排2列5层/ [索取号:U414/L297=4] | 在馆 | |
| 25 | 488455 | 204884553 | 自科二线504/504自科库 22排2列5层/ [索取号:U414/L297=4] | 在馆 | |
| 26 | 488456 | 204884562 | 自科二线504/504自科库 22排2列5层/ [索取号:U414/L297=4] | 在馆 |